MARC

LEADER 00000nab a2200000 4500
001 vtls011827775
003 SK-MaSNL
005 20260318124902.0
008 181205|20181205xo |||| || ||00 0|hun
015 |a SNBRB2018/12 
038 |a DSZK 
040 |a DSZK  |b slo  |c DSZK  |e rda 
041 |a hun 
043 |a e-xo--- 
044 |a xo  |c SK 
072 7 |a 796  |x Šport. Hry. Telesné cvičenia  |2 konspekt 
080 |a 796.81/.82.093.1(437.6)  |2 2011 
100 1 |a Ágh, István  |4 aut  |9 547544 
245 1 0 |a Sninán villogtak a Megály fivérek  |c Ágh István 
300 |b Fotografie 
336 |a text  |b txt  |2 rdacontent 
337 |a bez média  |b n  |2 rdamedia 
338 |a zväzok  |b nc  |2 rdacarrier 
610 2 7 |a Zápasnícky klub (Dunajská Streda, Slovensko)  |2 dszk  |9 1087082 
610 2 7 |a Zápasnícky klub Gladiátor (Šamorín, Slovensko)  |2 dszk  |9 1194105 
610 2 7 |a Zápasnícky klub (Trhová Hradská, Slovensko)  |2 dszk  |9 1088258 
610 2 7 |a Zápasnícky klub (Marcelová, Slovensko)  |2 dszk  |9 1194863 
610 2 7 |a Zápasnícky klub (Rimavská Sobota, Slovensko)  |2 dszk  |9 1192946 
611 2 7 |a Majstrovstvá Slovenska v zápasení  |d (2018 :  |c Snina, Slovensko)  |2 dszk  |9 1194991 
650 0 7 |a zápasenie  |2 SNKPH  |9 13273 
651 7 |a Šamorín (Slovensko)  |2 SNKPHgeo  |9 28925 
651 7 |a Trhová Hradská (Slovensko)  |2 SNKPHgeo  |9 103340 
651 7 |a Dunajská Streda (Slovensko)  |2 SNKPHgeo  |9 17375 
651 7 |a Marcelová (Slovensko)  |2 SNKPHgeo  |9 58694 
651 7 |a Rimavská Sobota (Slovensko)  |2 SNKPHgeo  |9 28655 
773 0 |t Új szó  |g Évf. 71, sz. 278 (2018.12.5), o. 20  |x 1335-7050 
958 |a SK 
958 |a HU 
958 |a RG 
999 |c 2256446  |d 2258376